000 00695nam a2200253Ia 4500
005 20260429112017.0
008 260429s9999||||xx |||||||||||||| ||und||
020 _a9780367234751
041 _aEnglish
082 _a658.3
_bBIE
100 _aBierema, Laura L.
245 0 _aHuman resource development /
_cLaura L. Bierema
250 _a1st ed.
260 _aNew Delhi :
_bRoutledge,
_c2024.
300 _axiii, 372 p.; pbk
650 _a Management
650 _a Organizational behavior
650 _aHuman resource development
700 _a Callahan, Jamie L.
700 _a Collins, Joshua C.
700 _a Elliott, Carole J.
700 _a Greer, Tomika W.
942 _cTB
999 _c51874
_d51874